000 00303nam a22001337a 4500
008 170628b xxu||||| |||| 00| 0 eng d
020 _a0815315600
041 _aeng
080 _a82
100 _a21
101 _aGJL
245 _aDICTIONARY OF NATIVE AMERICAN LITERATURE
_cWIGET,A
942 _2udc
_cBK
999 _c19366
_d19366